El Teatre valencià durant la dictadura : (1920-1930) / Caterina Solà (1920-1930) / Caterina Solà
Descripción Física:
131 p. ; 22 cm
Colección:
Monografies de teatre ; 3
Materias:
Teatre valencià -- Història -- 1920/1930
MARC
| LEADER | 00000nam a2200000Ia 4500 | ||
|---|---|---|---|
| 001 | 6864 | ||
| 008 | 160829s1976 xx 000 0 cat d | ||
| 080 | |a B-1-161 | ||
| 100 | |a Solà i Palerm, Caterina |9 19917 | ||
| 245 | |a El Teatre valencià durant la dictadura : |b (1920-1930) / Caterina Solà | ||
| 260 | |a Barcelona : |b Institut del Teatre : |b Edicions 62, |c 1976 | ||
| 300 | |a 131 p. ; |c 22 cm | ||
| 490 | |a Monografies de teatre ; 3 | ||
| 650 | |a Teatre valencià |x Història |x 1920/1930 |9 19918 | ||
| 710 | 1 | |a Institut del Teatre (Barcelona, Catalunya) |9 52662 | |
| 901 | |a Arxiu | ||
| 942 | |n 1 | ||
| 952 | |0 0 |1 0 |4 0 |6 B1161 |7 1 |9 41372 |a Arxiu |b Arxiu |d 2016-12-01 |l 0 |o B-1-161 |p 6864 |r 2016-12-01 00:00:00 |w 2016-12-01 |y ARXIU | ||
| 999 | |c 43179 |d 43179 | ||